Explore underwater (Record no. 1147)

MARC details
000 -LEADER
fixed length control field 01435nam a22002657a 4500
005 - DATE AND TIME OF LATEST TRANSACTION
control field 20230804114342.0
020 ## - INTERNATIONAL STANDARD BOOK NUMBER
International Standard Book Number 9781607101550
040 ## - CATALOGING SOURCE
Original cataloging agency FISKH
Language of cataloging eng
Transcribing agency FISKH
Modifying agency eng
050 ## - LIBRARY OF CONGRESS CALL NUMBER
Classification number PZ7
082 ## - DEWEY DECIMAL CLASSIFICATION NUMBER
Classification number 591.76
100 ## - MAIN ENTRY--PERSONAL NAME
Personal name Pledger, Maurice
245 ## - TITLE STATEMENT
Title Explore underwater
Statement of responsibility, etc. Maurice Pledger
250 ## - EDITION STATEMENT
Edition statement Second printing, December 2010
260 ## - PUBLICATION, DISTRIBUTION, ETC.
Place of publication, distribution, etc. San Diego :
Name of publisher, distributor, etc. Silver Dolphin Books,
Date of publication, distribution, etc. 2010.
300 ## - PHYSICAL DESCRIPTION
Extent 20 pages :
Dimensions 27 x 31 cm.
505 ## - FORMATTED CONTENTS NOTE
Formatted contents note F
520 ## - SUMMARY, ETC.
Summary, etc. In Explore: Underwater, kids will discover the lives of sea creatures with the vibrant illustrations of Maurice Pledger, as well as texture patches, amazing moving pictures, and flaps that take them into the world of the deep. Explore: Underwater takes kids on an astounding journey under the surface of the world's oceans, rivers, lakes, ponds, and other bodies of water. They'll visit crowded coral reefs and lift the flap to learn how they get their bright colors, then meet the clown fish and sea slug. They'll brave the freezing cold of the North and South Poles and feel the soft, feathery face that helps penguins keep warm. And they'll peek into the rock pool to catch a glimpse of the shimmering sea star for a complete hands-on educational experience.
521 ## - TARGET AUDIENCE NOTE
Target audience note 400 <br/>
Source Lexile estimate
521 ## - TARGET AUDIENCE NOTE
Target audience note F
Source Raz-Plus
650 ## - SUBJECT ADDED ENTRY--TOPICAL TERM
Source of heading or term underwater
650 ## - SUBJECT ADDED ENTRY--TOPICAL TERM
Source of heading or term ocean
942 ## - ADDED ENTRY ELEMENTS (KOHA)
Source of classification or shelving scheme Dewey Decimal Classification
Koha item type Books
Suppress in OPAC No
999 ## -
-- 1147
-- 1147
Holdings
Withdrawn status Lost status Source of classification or shelving scheme Damaged status Not for loan Collection Home library Current library Shelving location Date acquired Total Checkouts Full call number Barcode Date last seen Date last checked out Copy number Price effective from Koha item type
    Dewey Decimal Classification     Non-Fiction Footprints International School Library Network Toul Kork Campus Footprints International School Library Network Toul Kork Campus Ocean Display Shelf TK Campus 08/03/2023 11 PLE 591.76 2023-0176 03/19/2025 03/05/2025 1 08/03/2023 Books
    Dewey Decimal Classification     Non-Fiction Footprints International School Library Network Toul Kork Campus Footprints International School Library Network Toul Kork Campus Ocean Display Shelf TK Campus 08/03/2023 2 PLE 591.76 2024-0650 11/20/2024 11/06/2024 2 08/03/2023 Books